000 00326nam a22001457a 4500
003 SGT
020 _a978-81-312-5353-3
082 _a616.01
_bJAI
100 _aJAIN, AMITA
245 _aMICROBIOLOGY PRACTICAL MANUAL
260 _aINIDA
_bELSEVIR PUB.
_c2018
300 _a328
650 _aMICROBIOLOGY
942 _2ddc
_cBK
999 _c32410
_d32410